Vista normal
Vista MARC
Entrada Personal Name
Número de registros utilizados en: 1
001 - CONTROL NUMBER
- control field: 12686
003 - CONTROL NUMBER IDENTIFIER
- control field: DLC
005 - DATE AND TIME OF LATEST TRANSACTION
- control field: 20220602094540.0
008 - FIXED-LENGTH DATA ELEMENTS
- fixed length control field: 790424n| acannaabn |a aaa
010 ## - LIBRARY OF CONGRESS CONTROL NUMBER
- LC control number: n 79038474
035 ## - SYSTEM CONTROL NUMBER
- System control number: (OCoLC)oca00271995
040 ## - CATALOGING SOURCE
- Original cataloging agency: DLC
- Language of cataloging: spa
- Transcribing agency: Mx-PuUPA
- Modifying agency: DLC
- Modifying agency: OCoLC
- Modifying agency: DLC
- Modifying agency: OCoLC
- Modifying agency: Mx-PuUPA
- Description conventions: rda
053 #0 - LC CLASSIFICATION NUMBER
- Classification number element--single number or beginning number of span: PC3942.29.E82
100 1# - HEADING--PERSONAL NAME
- Personal name: Serrano, Sebastià,
- Dates associated with a name: 1945-
372 ## - FIELD OF ACTIVITY
- Field of activity: Lingüística
374 ## - OCCUPATION
- Occupation: Autor
375 ## - GENDER
- Gender: hombre
377 ## - ASSOCIATED LANGUAGE
- Language code: gato
400 1# - SEE FROM TRACING--PERSONAL NAME
- Control subfield: nna
- Personal name: Serrano, Sebastián,
- Dates associated with a name: 1945-
400 1# - SEE FROM TRACING--PERSONAL NAME
- Personal name: Serrano i Farrera, Sebastià,
- Dates associated with a name: 1945-
400 1# - SEE FROM TRACING--PERSONAL NAME
- Personal name: Farrera, Sebastià Serrano i,
- Dates associated with a name: 1945-
670 ## - SOURCE DATA FOUND
- Source citation: His Elementos de lingüística matemática, 1975?
670 ## - SOURCE DATA FOUND
- Source citation: His Signes, llengua i cultura, 1980:
- Information found: t.p. (Sebastià Serrano) verso of t.p. (Sebastià Serrano i Farrera)
670 ## - SOURCE DATA FOUND
- Source citation: His La semiótica, 1981?:
- Information found: t.p. (Sebastià Serrano)
670 ## - SOURCE DATA FOUND
- Source citation: Comprendre la comunicació, 1999:
- Information found: t.p. (Sebastià Serrano) front flp. (b. 1944)
675 ## - SOURCE DATA NOT FOUND
- Source citation: Dicc. biogràfic;
- Source citation: Dicc. biog. español contemp., 1970.